000 00975cam a22002897a 4500
003 CHAP
005 20220329140519.0
008 971013s1964 r 00010 d
010 _a53150
011 _a54122
035 _a58272
040 _cCHAP
090 _aFolleto 6851
100 0 0 _aWaterhause, Grace M.
_9121164
245 1 4 _aThe genus Sclerospora
_b: diagnoses (or descriptiones)
260 _aSurrey, England :
_bCommonwealth Agricultural Bureaux,
_c1964
300 _a30 p.
_b: ilus.
490 0 _aCommonwealth Mycological Institute. Miscellaneous publication
_v; 17
590 _aBATCH-UPD
_b10
_c20130110
_lUCH01
_h0347
590 _aBATCH-UPD
_b10
_c20130110
_lUCH01
_h2121
590 _aCONVERSION
_b10
_c20130109
_lUCH01
_h1329
650 1 4 _aSclerospora.
_9103338
830 0 _aCommonwealth Mycological Institute. Miscellaneous publication
_v; 17
_926025
901 _aBK
942 _cFOLL
949 _aFolleto 6851
_bBC
_cFOLL
_d-126554
_eTS1
_i58272
_si
_t132.00
999 _c53150
_d53150